তাপসমালা : অর্থাৎ মোসলমান তপস্বীদিগের জীবনবৃত্তান্ত পারস্যপুস্তক তেজকরতোল আওলিয়া হইতে সঙ্কলিত, ষষ্ঠ ভাগ :: (Record no. 31604)

MARC details
000 -LEADER
fixed length control field 00920nam a22001817a 4500
003 - CONTROL NUMBER IDENTIFIER
control field BDDh-ASL
005 - DATE AND TIME OF LATEST TRANSACTION
control field 20231015031306.0
008 - FIXED-LENGTH DATA ELEMENTS--GENERAL INFORMATION
fixed length control field 230401s1941 b ||||| |||| 00| 0 b d
040 ## - CATALOGING SOURCE
Original cataloging agency BDDh-ASL
Transcribing agency BDDh-ASL
041 ## - LANGUAGE CODE
Language code of text/sound track or separate title ben
082 ## - DEWEY DECIMAL CLASSIFICATION NUMBER
Classification number 297.3
Item number SET
100 1# - MAIN ENTRY--PERSONAL NAME
Personal name সেন, গিরিশচন্দ্র
9 (RLIN) 7830
245 10 - TITLE STATEMENT
Title তাপসমালা : অর্থাৎ মোসলমান তপস্বীদিগের জীবনবৃত্তান্ত পারস্যপুস্তক তেজকরতোল আওলিয়া হইতে সঙ্কলিত, ষষ্ঠ ভাগ ::
Remainder of title Tapasamala : or Lives of Mahomedans Saints /
260 ## - PUBLICATION, DISTRIBUTION, ETC.
Place of publication, distribution, etc. Calcutta :
Name of publisher, distributor, etc. Printed and Published by P. Ghose,
Date of publication, distribution, etc. 1941.
300 ## - PHYSICAL DESCRIPTION
Extent 114 p. :
Dimensions 22 cm.
650 #0 - SUBJECT ADDED ENTRY--TOPICAL TERM
Topical term or geographic name entry element Religion, ধর্ম, Dharma, faith, creed, law, worship, property, আস্তিকতা, দীন
9 (RLIN) 2606
942 ## - ADDED ENTRY ELEMENTS (KOHA)
Source of classification or shelving scheme Dewey Decimal Classification
Koha item type Books
Holdings
Withdrawn status Lost status Source of classification or shelving scheme Damaged status Not for loan Collection code Home library Current library Shelving location Date acquired Source of acquisition Total Checkouts Full call number Barcode Date last seen Copy number Price effective from Koha item type Public note
    Dewey Decimal Classification     Non-fiction Asiatic Society Library Asiatic Society Library General Stacks 04/01/2023 Donated by Prof. Dr. M. Abdul Qayyum & Dr. Razia Sultana   297.3 SET 120308 04/01/2023 C-1 04/01/2023 Books Y-1941

Powered by Koha